| 000 | 00759nam a2200205 a 4500 | ||
|---|---|---|---|
| 001 | BRCA_5872 | ||
| 005 | 20190320205239.0 | ||
| 008 | 160311s1948----mx-#######---#000-0#eng-# | ||
| 041 | _aeng | ||
| 044 | _au | ||
| 050 | 4 |
_aHE2820 F4 _b.E87 _c1948 |
|
| 245 | 1 | 0 |
_aEstados Unidos Mexicanos = United States of Mexico _boffer to bolder of Mexican railway obligations _c1948 |
| 300 |
_a62 p. _c35 cm. |
||
| 500 | _aContiene la firma del Sr. Franz Mayer; En la parte de la ultima hoja del documento vienen dos estampillas pegadas del año 1948 y viene escrito: Sr. Franz Mayer apartado 1263. México, D.F. | ||
| 500 | _aH119 | ||
| 650 | 1 | 4 |
_aFerrocarriles Nacionales de México _914864 |
| 650 | 1 | 4 |
_aFerrocarriles _eFinanzas _99137 |
| 902 | _aGFM | ||
| 942 |
_2lcc _cB |
||
| 999 |
_c5561 _d5561 |
||